Eleodoro /

Guardado en:
Autor Principal: Bombara, Paula.
Otros Autores: Canale, Melina; il.
Formato: Libro
Idioma:Undetermined
Publicado: Buenos Aires : Norma, 2005.
Series:Colección Torre de papel
Materias:
Etiquetas: Agregar Etiqueta
Sin Etiquetas, Sea el primero en etiquetar este registro!
LEADER 00710nam a22002175a 4500
001 CEM.cems019813
008 221026s2005####ag############000#0#und#d
005 20221027091037.0
245 1 0 |a Eleodoro /  |c Paula Bombara ; ilustrador Melina Canale. 
260 |a Buenos Aires :  |b Norma,  |c 2005. 
300 |a 67 p. ;  |c 20 cm. 
490 1 |a Colección Torre de papel 
020 |a 9789875453401 
100 1 |a Bombara, Paula. 
700 1 |a Canale, Melina; il. 
082 0 4 |a A863.4 
653 |a Literatura Infantil 
653 |a Literatura Juvenil 
653 |a Novela 
859 |a CEMS  |b BIB. CEMS - Inicial y Primaria  |h A863.4  |i B639-1  |k IP  |p 5026  |t Ej.1 
859 |a CEMS  |b BIB. CEMS - Inicial y Primaria  |h A863.4  |i B639-1  |k IP  |p 5032  |t Ej.2